000 00284nam a2200121Ia 4500
008 191201s2005 xx 000 0 und d
100 _aJAIN, T R
245 0 _aEconomics for Management
260 _aN. Delhi
_bV.K .Enterprises
_c2005
300 _a367
650 _aMBA
942 _2ddc
_cBK
999 _c184
_d184